Kraj, który produkuje najlepsze piwa. - Statystyki

Ogólne statystyki
  • Ten quiz został rozwiązany 24 razy
  • Średni wynik to 5 z 5
Statystyki odpowiedzi
Hint Odpowiedź % Poprawnych
2. Niemcy
100%
4. Polska
95%
3. Czechy
91%
5. USA
91%
1. Belgia
73%
Nie znaleziono quizów pasujących do podanych kryteriów
Rozkład punktacji
Procent ludzi z każdym wynikiem
Percentyl według liczby udzielonych odpowiedzi
Twoja historia wyników
Nie rozwiązałeś tego quizu